000 00662nam a2200229 i 4500
001 36903
003 ES-MaACL
005 20230906155450.0
007 t|
008 030219s1958 sp ||||1| spa d
100 1 _aBrown, Stephen J.
_932023
245 1 0 _aRealidad de Dios /
_cStephen J. Brown ; [traducción del inglés por J. Romero de Tejada].
250 _a1ª ed.
260 _aBarcelona :
_bPlaneta,
_c[1958] (
_fDiamante)
300 _a238 p. ;
_c20 cm.
490 1 _aRazón y Fé
650 0 4 _aDios.
_911900
700 1 _aRomero de Tejada, J.
_999376
830 0 _aRazón y fe
_9187282
852 _aES-MaACL
_jC-14862
999 _c36903
_d36903